000 00716nam a2200181 a 4500
001 000044212
005 20201002045223.0
008 140610s2008 dr 000 0 spa d
020 _a9789993494256
040 _aDO-SdBNP
_bspa
_cBNPHU
100 1 _aGarrido, José Orlando
_972217
245 1 4 _aLas 100 causas de la riqueza y la pobreza :
_beconómia, intelectual, espiritual y humana /
_cJosé Orlando Garrido.
250 _a2a. ed.
260 _aSanto Domingo :
_bPrográfica,
_c2008.
300 _a148 p. ;
_c22 cm.
505 0 _a¿Cómo lograr el éxito completo?
_tCuando no lo alcazamos, ¿de quién necesitamos ayuda para obtenerlo?
500 _aIncluye datos biográficos del autor en la solapa de la cubierta
999 _c43701
_d43701